01190nam a2200361 b 4500001001100000003000900011005001700020007000300037008003600040017000900076020001500085035000600100040003100106041001100137082002700148100003800175245011500213250001400328264003300342300002800375336002700403337003700430338003000467590002600497650002800523650002000551650002200571700003700593910004000630942001200670952013100682999001500813 000671447DO-SdBPM20250710123155.0ta970814s1997 sp | ||| ||spa  a b  a8432215007 a  aDO-SdBPMbspacBPMSUe rda1 aspah  4a833.91bS964p 19972221 aSüskind, Patrickd1949-eautor 13aEl perfume : bhistoria de un asesino /cPatrick Süskind ; traducción del alemán por Pilar Giralt Gorina a 2a. ed.  aBarcelona : bbOOKET, c1997 a272 páginas : c21 cm atextobtxt2rdacontent asin mediación bn2rdacarrier  avolumen bnc2rdacarrier  aIvnentariado, 2025/VM 7a Novela juvenil alemana 7aOloresv Novela 7aPerfumes vNovela1 aGorina, Pilar Giraltetraductora aVMateo V. Control de calidad. BPMSU 2ddccBK 00102ddc708CI-GaBPMETbBPMETd2016-03-10eFUNDIl0oBPMSU CJG 833.91 S964p 1997pBPMSU16030056r2016-03-10w2016-03-10yBK c9177d9177